Statistiques concernant Les plus grands pays voisins °2

Cliquez ici pour prendre le quiz!

Statistiques générales

  • Ce quiz a été pris 108 fois
  • Le résultat moyen est 19 sur 24

Statistiques - réponses

Pays...et plus grands voisin% Correct
ArgentineBrésil
96%
RussieChine
96%
DanemarkAllemagne
93%
BangladeshInde
93%
Metropolitaine FranceEspagne
90%
NorvégeRussie
90%
ZimbabweAfrique du sud
88%
ChiliArgentine
88%
Royaume-UniIrlande
88%
HaïtiRepubliqué Dominicaine
82%
IrakArabie Saoudite
81%
Tout la FranceBrésil
81%
EgypteSoudan
81%
SyrieTurquie
80%
AlgerieLibye
78%
BurundiRD Congo
77%
BelizeMexique
76%
HondurasNicaragua
76%
HongrieUkraine
73%
SlovenieItalie
72%
PakistanChine
66%
GuinéeMali
61%
IndonesiePapouasie-Nouvelle-Guinée
58%
ArmenieIran
51%

Distribution des résultats

Percentile par nombre de réponses

% des personnes avec chaque résultat

Votre développement - résultats

Vous n’avez pas pris ce quiz